Ekonomická a informačná podstata úloh v systémoch riadenia výroby, služieb a verejnej správy

Salvato in:
Dettagli Bibliografici
Autore principale: Grell, Michal
Altri autori: Bačová, Irena, Majirský, Miroslav
Natura: Capitolo di libro
Lingua:slovacco
Tags: Aggiungi Tag
Nessun Tag, puoi essere il primo ad aggiungerne!!

MARC

LEADER 00000naa$a2200000$$$4500
001 0066810
005 20240502071809.2
041 0 |a slo 
044 |a SK 
245 1 0 |a Ekonomická a informačná podstata úloh v systémoch riadenia výroby, služieb a verejnej správy  |c Michal Grell, Irena Bačová, Miroslav Majirský 
100 1 |a Grell, Michal 
700 1 |a Bačová, Irena 
700 1 |a Majirský, Miroslav